000 01277nam a2200313 i 4500
003 EG-GICUC
005 20260420173518.0
008 260420r19601961ua ||||fr|||| 000 0 ara d
040 _a EG-GICUC
_bara
_c EG-GICUC
_d EG-GICUC
_erda
041 0 _aara
082 0 4 _221
_a345.693
_bف ؤ . ر
092 0 4 _221
099 _aLaw1 07 345.693 ف ؤ . ر 1961
100 0 _aفؤاد العطار
_eمؤلف.
245 1 0 _aرقابة القضاء لاعمال الإدارة :
_bدراسة لاصول هذه الرقابة ومدى تطبيقاتها في القانون الوضعي /
_cتأليف فؤاد العطار.
250 _aالطبعة الثانية.
264 1 _aالقاهرة :
_bدار الكتاب العربي،
_c1961.
300 _a492 صفحة، صفحات غير مرقمة ؛
_c24 سم.
336 _2rda content
_atext
337 _2rda media
_aComputer
338 _2rda carrier
_aOnline Resource
504 _aيشتمل على إرجاعات ببليوجرافية.
546 _aالنص باللغة العربية
650 1 _aالرقابة القضائية علي اعمال الادارة.
_2qrmak
651 1 _2qrmak
856 4 0 _uhttps://fll.law.cu.edu.eg/fulltext/bks/B07-02547.pdf
905 _a62
942 _2ddc
_n0
_cBK
_e21
999 _c72387
_d72387